| 000 | 00581nam a22001697a 4500 | ||
|---|---|---|---|
| 005 | 20260317154025.0 | ||
| 008 | 260317b |||||||| |||| 00| 0 eng d | ||
| 020 | _a9781645604495 | ||
| 040 | _cVITAP | ||
| 082 |
_223rd Ed. _a821.914 MAH |
||
| 100 |
_a/ Mahapatra, Jayanta _917280 |
||
| 245 |
_aRelationship : A Long Poem _c/ Jayanta Mahapatra |
||
| 260 |
_aDublin _bBlack Eagle Books _c2023 |
||
| 300 | _a42p. : ill. ; 22cm | ||
| 650 | 0 |
_aIndic poetry (English); English poetry - Indian authors; Poetry, Modern - 20th century; Indian English literature _917281 |
|
| 942 |
_2ddc _cREF |
||
| 999 |
_c47358 _d47358 |
||